书目信息 |
| 题名: |
劳动和社会保险统计与计算机应用
|
|
| 作者: | 丁大建 , 赵锡铭 主编 | |
| 分册: | ||
| 出版信息: | 北京 中国劳动社会保障出版社 2005.10 |
|
| 页数: | 531页 | |
| 开本: | 21cm | |
| 丛书名: | ||
| 单 册: | ||
| 中图分类: | F840.61 | |
| 科图分类: | ||
| 主题词: | 劳动保险--lao dong bao xian--统计--高等教育--教材 , 社会保险--she hui bao xian--统计--高等教育--教材 , 计算机应用--ji suan ji ying yong--劳动保险--统计--高等教育--教材 , 计算机应用--ji suan ji ying yong--社会保险--统计--高等教育--教材 | |
| 电子资源: | ||
| ISBN: | 7-5045-5254-2 | |
| 000 | 01320nam0 2200289 450 | |
| 001 | 012007383755 | |
| 005 | 20070619160001.93 | |
| 010 | @a7-5045-5254-2@dCNY22.00 | |
| 100 | @a20070509d2005 km y0chiy0120 ea | |
| 101 | 0 | @achi |
| 102 | @aCN@b110000 | |
| 105 | @ay z 000yy | |
| 200 | 1 | @a劳动和社会保险统计与计算机应用@Alao dong he she hui bao xian tong ji yu ji suan ji ying yong@e2005年版@f丁大建, 赵锡铭主编@Fding da jian,zhao xi ming zhu bian |
| 210 | @a北京@c中国劳动社会保障出版社@d2005.10 | |
| 215 | @a531页@d21cm | |
| 300 | @a全国高等教育自学考试指定教材劳动和社会保障专业 (专科) | |
| 330 | @a本书论述了劳动力统计、劳动时间统计、劳动生产率统计、工资统计、人工成本统计、劳动安全与卫生统计、计算机基础知识、管理信息系统概述、劳动和社会保险管理信息系统等内容。 | |
| 333 | @a全国高等教育自学考试指导委员会组编附:劳动和社会保险统计与计算机应用自学考试大纲 | |
| 606 | 0 | @a劳动保险@Alao dong bao xian@x统计@x高等教育@j教材 |
| 606 | 0 | @a社会保险@Ashe hui bao xian@x统计@x高等教育@j教材 |
| 606 | 0 | @a计算机应用@Aji suan ji ying yong@x劳动保险@x统计@x高等教育@j教材 |
| 606 | 0 | @a计算机应用@Aji suan ji ying yong@x社会保险@x统计@x高等教育@j教材 |
| 690 | @aF840.61@v4 | |
| 701 | 0 | @a丁大建@Ading da jian@4主编 |
| 701 | 0 | @a赵锡铭@Azhao xi ming@4主编 |
| 801 | 0 | @aCN@c20070619 |
| 905 | @dF840.61@eD522 | |
| 劳动和社会保险统计与计算机应用:2005年版/丁大建, 赵锡铭主编.-北京:中国劳动社会保障出版社,2005.10 |
| 531页;21cm |
| 全国高等教育自学考试指定教材劳动和社会保障专业 (专科).-使用对象:全国高等教育自学考试指导委员会组编附:劳动和社会保险统计与计算机应用自学考试大纲 |
| ISBN 7-5045-5254-2:CNY22.00 |
| 本书论述了劳动力统计、劳动时间统计、劳动生产率统计、工资统计、人工成本统计、劳动安全与卫生统计、计算机基础知识、管理信息系统概述、劳动和社会保险管理信息系统等内容。 |
| ● |
| 相关链接 |
|
|
|
正题名:劳动和社会保险统计与计算机应用
索取号:F840.61/D522
 
预约/预借
| 序号 | 登录号 | 条形码 | 馆藏地/架位号 | 状态 | 备注 |
| 1 | 242962 | 202429620 | 社科库409/409社科库 55排2列4层/ [索取号:F840.61/D522] | 在馆 | |
| 2 | 242963 | 202429639 | 社科库409/409社科库 55排2列4层/ [索取号:F840.61/D522] | 在馆 | |
| 3 | 242964 | 202429648 | 社科库409/422社科库 33排4列3层/ [索取号:F840.61/D522] | 在馆 |